Top 10 Most Populous U.S. Cities Starting with I - Statistics

General Stats
  • This quiz has been taken 39 times
  • The average score is 6 of 10
Answer Stats
State Answer Population % Correct
Indiana Indianapolis 877 k
100%
California Irvine 330 k
89%
Texas Irving 255 k
80%
Iowa Iowa City 75 k
71%
Idaho Idaho Falls 68 k
69%
Missouri Independence 119 k
51%
California Inglewood 100 k
40%
California Indio 94 k
34%
North Carolina Indian Trail 43 k
11%
New York Irondequoit 50 k
11%
No matching quizzes found
Score Distribution
Percent of People with Each Score
Percentile by Number Answered
Your Score History
You have not taken this quiz